Zabezpečenie dane a zrážková daň vo vzťahu k zahraničiu s príkladmi

Spravovanie dane u zahraničných daňovníkov s obmedzenou daňovou povinnosťou. Zabezpečenie dane pri zdroji - týmto spôsobom sa zabezpečí, že daňová povinnosť týchto subjektov bude splnená v štáte, bude splnená v štáte, kde majú príjmy podliehajúce dani svoj zdroj. Zrážková daň. Zabezpečenie dane. odv...

Descrizione completa

Salvato in:
Dettagli Bibliografici
Autore principale: Borčíková, Jana
Natura: Capitolo di libro
Lingua:slovacco
Soggetti:
Tags: Aggiungi Tag
Nessun Tag, puoi essere il primo ad aggiungerne!!

MARC

LEADER 00000naa$a2200000$$$4500
001 0046260
005 20231106072233.5
041 0 |a slo 
044 |a SK 
245 1 0 |a Zabezpečenie dane a zrážková daň vo vzťahu k zahraničiu s príkladmi  |c Jana Borčíková 
520 |a Spravovanie dane u zahraničných daňovníkov s obmedzenou daňovou povinnosťou. Zabezpečenie dane pri zdroji - týmto spôsobom sa zabezpečí, že daňová povinnosť týchto subjektov bude splnená v štáte, bude splnená v štáte, kde majú príjmy podliehajúce dani svoj zdroj. Zrážková daň. Zabezpečenie dane. odvod dane. Prehľad sadzieb dane podľa príslušných zmlúv o zamedzení dvojitého zdanenia. Praktické príklady. 
610 2 0 |a daňovníci 
610 2 0 |a povinnosť daňová 
610 2 0 |a osoby zahraničné 
610 2 0 |a preddavky 
610 2 0 |a odvody 
610 2 0 |a dane 
610 2 0 |a zdanenie dvojité 
610 2 0 |a sadzby daňové 
100 1 |a Borčíková, Jana